| 000 | 01104nam a2200313 u 4500 | ||
|---|---|---|---|
| 003 | MX-MxUPN | ||
| 005 | 20240925063716.0 | ||
| 008 | 190508s1994 r 000 0 eng d | ||
| 020 | _a9789682976766 | ||
| 035 | _aUPN01000230399 | ||
| 040 |
_aMX-MxUPN _sspa _cMX-MxUPN _bspa |
||
| 041 | 0 | _aTlapaneco | |
| 050 | 1 | 4 |
_aLB1578.333 T52 _bA464 1994 |
| 100 | 1 |
_aMartínez, Leonor _953671 |
|
| 100 | 1 |
_aMorán, Benigno N. _953672 |
|
| 100 | 1 |
_aMorán, Fabián _953673 |
|
| 100 | 1 |
_aRodríguez Castro, Federico _948769 |
|
| 100 | 1 |
_aZúñiga, Elpidio _953674 |
|
| 245 | 1 | 0 |
_aAjngáa me' phaa : _blengua tlapaneca, Guerrero : segundo grado : lecturas |
| 250 | _aPrimera edición. | ||
| 260 |
_aMéxico, D.F. : _bSecretaría de Educación Pública, Comisión Nacional de Libros de Texto Gratuitos, _c1994. |
||
| 300 |
_a108 páginas : _bilustraciones |
||
| 650 | 4 |
_aCartilla tlapaneca _98361 |
|
| 650 | 4 |
_aTlapaneco _xEstudio y enseñanza (Elemental) _915636 |
|
| 650 | 4 |
_aIndígenas de México _zGuerrero _xLenguas _915337 |
|
| 902 | _bVíctor Ruiz/240924 | ||
| 942 |
_2lcc _cLIBRO |
||
| 999 |
_c202494 _d202494 |
||